Manual práctico de sumarios administrativos: prontuario de diligencias y escritos
Guardat en:
| Autor principal: | |
|---|---|
| Format: | Llibre |
| Idioma: | espanyol |
| Publicat: |
Santiago
Ediar
1983
|
| Matèries: | |
| Etiquetes: |
Afegir etiqueta
Sense etiquetes, Sigues el primer a etiquetar aquest registre!
|
MARC
| LEADER | 00000nam a2200000 a 4500 | ||
|---|---|---|---|
| 001 | UCS0427 | ||
| 003 | CL-VaPUC | ||
| 008 | 970426e19830000CL |||||||||||||||||spa|d | ||
| 082 | 0 | 4 | |a 342.068 |b OJE |2 21 |
| 100 | |a Ojeda Ojeda, Bernardo |e autor |9 764400 | ||
| 245 | 1 | 0 | |a Manual práctico de sumarios administrativos: prontuario de diligencias y escritos |
| 300 | |a 187 p | ||
| 942 | |c BK | ||
| 945 | |d 19970426 00:00:00 |a cmena | ||
| 260 | |a Santiago |b Ediar |c 1983 | ||
| 600 | 0 | 7 | |a CONTRALORIA GENERAL DE LA REPUBLICA |2 CL-VaPUC |9 255756 |
| 650 | 0 | |a Derecho administrativo |9 254851 | |
| 650 | 0 | |a Administración pública |9 255343 | |
| 650 | 7 | |a EMPLEADOS PUBLICOS |2 CL-VaPUC |9 256133 | |
| 650 | 7 | |a SUMARIO ADMINISTRATIVO |2 CL-VaPUC |9 383904 | |
| 650 | 0 | |a Jurisprudencia |9 255952 | |
| 650 | 7 | |a PRONTUARIO |2 CL-VaPUC |9 383905 | |
| 650 | 7 | |a RESPONSABILIDAD CIVIL |2 CL-VaPUC |9 383906 | |
| 651 | 7 | |a CHILE |2 CL-VaPUC |9 383907 | |
| 583 | |a last modification |c 19970426 00:00:00 |k Rodrigo Vera | ||
| 999 | |c 258655 |d 258653 | ||
| 952 | |0 0 |1 0 |4 0 |6 342_068000000000000_OJE_1983 |7 0 |8 A |9 282910 |a BIBDER |b BIBDER |d 2019-11-19 |i 1837273 |o 342.068 OJE 1983 |p 1837273 |r 2023-01-25 |w 2019-11-19 |y BK |k DER | ||